| 000 | 00500nam a22001817a 4500 | ||
|---|---|---|---|
| 005 | 20241021093509.0 | ||
| 008 | 241021b |||||||| |||| 00| 0 eng d | ||
| 020 | _a9780198714347 | ||
| 082 | _a617.51 | ||
| 100 | _aCorbridge Rogan | ||
| 245 |
_aOxford handbook of ENT and HEAD and NECK Surgery/ _cRogan Corbridge, Nicholas Steventon |
||
| 260 |
_apakistan; _bAmina syed _c2010 |
||
| 300 |
_a402p. _bill; _c10cm. |
||
| 650 | _aSurgery | ||
| 700 | _aNicholas Steventon | ||
| 999 |
_c36688 _d36688 |
||